000 00670nam a22002650a 4500
001 PT19634
003 AR-LpoUNG
005 20240603112715.0
008 191001s1985||||sp |||||||||||||||||spa d
020 _a9506950490
_c$6.66
040 _aAR-LpoUNG
_bspa
_cAR-LpoUNG
_eaacr
041 _aspa
082 0 _a502 832pre
100 1 _aAsimov, Isaac
245 1 0 _aPreguntas básicas sobre la ciencia
260 _as.l. :
_bPágina 12,
_c[1985].
300 _a94 p. :
_bgráfs.
650 4 _aCIENCIA
650 4 _aCIENTIFICOS
650 4 _aFILOSOFIA
650 4 _aTECNOLOGIA
700 1 _aLarrucea, Miguel Paredes
_etr.
905 _a19634
942 _cLSALA
_2ddc
999 _c17944
_d17944